004170000a220010900045001000029000002450091000293000049001207730023001699420008001929520090002009990017002901 aNavia Velasco, Carmiña10aEl cuerpo de las mujeres y los hombres desplazados : Nota para una llamada teológica aVol. 24, Num 1 (Mayo, 2004), Páginas 13-400 tVida y pensamiento cANA 001040708HEMaFUSBCbFUSBCd2016-01-26l0o r2016-01-26 00:00:00w2016-01-26yANA c53278d53278